000 00796nam a2200265Ia 4500
003 OSt
005 20220924124513.0
006 a|||||r|||| 00| 0
007 ta
008 220923b |||||||| |||| 00| 0 ben d
020 _a9789383158027 (hbk)
020 _c895
024 _a279991
037 _b774, 04/02/2014, Anshika Book International
_cTextual
040 _aARTS
_cARTS
_bben
041 _2ben
_aben
082 _aY72:1.2, Q3
100 _aPasayat Chitrasen
_941017
245 0 _aTribal culture
_b History and society
260 _aNew Delhi
_b S.K. Books Agency India
_c2013
300 _ax,220p.
_ccm.
650 _aSOCIOLOGY
942 _hY72:1.2, Q3
_cTEXL
_2CC
999 _c419823
_d419823